Countries by Borders #4 - Statistics

General Stats
  • This quiz has been taken 89 times
    70 since last reset
  • The average score is 18 of 20
Answer Stats
Hint Answer % Correct
Norway, Finland Sweden
100%
Guatemala, Mexico Belize
98%
Italy Vatican City
98%
Laos, Thailand, Vietnam Cambodia
97%
Brazil, Guyana, (France) Suriname
97%
Belgium, France, Germany Luxembourg
95%
Costa Rica, Honduras Nicaragua
95%
China, Russia, South Korea North Korea
95%
Brazil, Bolivia, Chile, Colombia, Ecuador Peru
95%
Italy San Marino
95%
Oman, Saudi Arabia Yemen
95%
Bosnia, Hungary, Serbia, Slovenia Croatia
92%
Algeria, Mauritania Morocco
92%
Greece, Macedonia, Montenegro, Serbia Albania
89%
Albania, Bosnia, Serbia, Croatia Montenegro
89%
D.R. Congo, Namibia, Zambia, Rep. Congo Angola
84%
China, Kazakhstan, Tajikistan, Uzbekistan Kyrgyzstan
84%
Oman, Saudi Arabia United Arab Emirates
81%
Cote d'Ivore, Guinea, Sierra Leone Liberia
77%
Guinea, Senegal Guinea-Bissau
74%
No matching quizzes found
Score Distribution
Percent of People with Each Score
Percentile by Number Answered
Your Score History
You have not taken this quiz since the last reset